Countries With Arabic as an Official Language - Statistics

General Stats
  • This quiz has been taken 744 times
    613 since last reset
  • The average score is 22 of 23
Answers on the Map
Answers color-coded by a green-red scale on the quiz's map according to % correct below.
 
Answer Stats
Continent % of Arabic Speakers Population Country % Correct
Africa 77 107 m Egypt
100%
Africa 91 43.9 m Algeria
99%
Asia 53 43.5 m Iraq
99%
Asia 48 10.6 m Jordan
99%
Africa 64 7 m Libya
99%
Africa 66 38 m Morocco
99%
Asia 84 4.5 m Oman
99%
Asia 43 2.8 m Qatar
99%
Asia 76 36 m Saudi Arabia
99%
Africa 92 11.7 m Tunisia
99%
Asia 36 9.9 m United Arab Emirates
99%
Asia 43 34.3 m Yemen
99%
Africa 63 45 m Sudan
98%
Asia 97 18.5 m Syria
98%
Asia 39 4.4 m Kuwait
97%
Asia 79 5.3 m Lebanon
97%
Asia 46 1.5 m Bahrain
96%
Africa 8.0 16.2 m Chad
96%
Africa 54 4.6 m Mauritania
95%
Africa 22 17.1 m Somalia
95%
Africa 12 810 k Djibouti
92%
Africa 4.1 6.1 m Eritrea
92%
Africa - 798 k Comoros
79%
No matching quizzes found
Score Distribution
Percent of People with Each Score
Percentile by Number Answered
Your Score History
You have not taken this quiz since the last reset